Inauguración de los nuevos pabellones y servicios de la Clínica Mental de la Diputación de Barcelona en Santa Coloma de Gramanet
Descripción Física:
1 díptic ; 21 cm
MARC
| LEADER | 00000nam a2200000Ia 4500 | ||
|---|---|---|---|
| 001 | 22962 | ||
| 008 | 160829s1972 xx 000 0 cat d | ||
| 080 | |a FU-59-2 | ||
| 245 | |a Inauguración de los nuevos pabellones y servicios de la Clínica Mental de la Diputación de Barcelona en Santa Coloma de Gramanet | ||
| 260 | |a Santa Coloma de Gramanet : |b C. P. Caridad, Imp-Escuela, |c 1972 | ||
| 300 | |a 1 díptic ; |c 21 cm | ||
| 590 | |a Núm. de full registral: 4766 | ||
| 650 | |a Clínica Mental de la Diputació de Barcelona (Santa Coloma de Gramenet) | ||
| 650 | |a Recinte Torribera (Santa Coloma de Gramenet) |9 39861 | ||
| 700 | |a Clínica Mental de la Diputació de Barcelona (Santa Coloma de Gramenet) | ||
| 901 | |a Arxiu | ||
| 942 | |n 1 | ||
| 952 | |0 0 |1 0 |4 0 |6 FU592 |7 1 |9 49279 |a Arxiu |b Arxiu |d 2016-12-01 |l 0 |o FU-59-2 |p 22962 |r 2016-12-01 00:00:00 |w 2016-12-01 |y ARXIU | ||
| 999 | |c 53121 |d 53121 | ||